00812 2200289 4500001002100000005001700021008004100038020002200079035002400101040001200125082001200137084001400149100002100163245009900184250001800283260002500301300004100326500001100367504003100378650001000409700001900419700001800438850001200456990001800468990001800486990001800504INLIS00000000000505620170117084906.0  a978-979-433-787-5 0010-051500000000189 aYOPDYOG 223a211 a211 Arm G aARMSTRONG, Keren aThe great transformationc/ Keren Armstrong; Penerjemah, Yuliani Liputo; Editor, Ahmad Baiquni aEd. 2, Cet. 1 aBandungbMizanc2013 axxxvi, 519 hlm.b: ilus.c; 23,5 cm. aIndeks aBibliografi : hlm. 505-511 aTuhan aYULIANI Liputo aAHMAD Baiquni aYOPDYOG a15257-PD/B.15 a15258-PD/B.15 a15259-PD/B.15